000 00278nam a22001337a 4500
008 170306b xxu||||| |||| 00| 0 eng d
020 _a0721675808
041 _aeng
080 _a617
100 _a5
101 _aSHK
245 _aVASCULAR TRAUMA
_cRICH, N.M
942 _2udc
_cBK
999 _c6896
_d6896